Statistics for People by Country #5

Click here to take the quiz!

General Stats

  • This quiz has been taken 23,976 times
  • The average score is 15 of 24

Answer Stats

Person Country % Correct
Hillary ClintonUnited States
100%
Louis XIVFrance
97%
Salvador DalíSpain
86%
Angela MerkelGermany
82%
Vincent Van GoghNetherlands
80%
Alexander the GreatGreece
79%
Pope FrancisArgentina
72%
Lily AllenUnited Kingdom
72%
Jean-Claude Van
Damme
Belgium
71%
William ShatnerCanada
61%
RihannaBarbados
60%
MoctezumaMexico
59%
Ferdinand MagellanPortugal
59%
Jawaharlal NehruIndia
57%
Shaka ZuluSouth Africa
55%
Lula da SilvaBrazil
55%
Ingrid BergmanSweden
54%
Joseph StalinGeorgia
50%
Sophia LorenItaly
50%
Nicolaus CopernicusPoland
47%
Miranda KerrAustralia
40%
Ang LeeTaiwan
33%
Niki LaudaAustria
33%
François DuvalierHaiti
32%

Score Distribution

Percentile by Number Answered

Percent of People with Each Score

Your Score History

You have not taken this quiz